| 000 | 00930nam a22002537a 4500 | ||
|---|---|---|---|
| 999 |
_c64585 _d64585 |
||
| 003 | OSt | ||
| 005 | 20240530110739.0 | ||
| 008 | 180910s1989 ua g b 000 0 ara d | ||
| 040 |
_aEG-CaGPL _cEG-CaGPL |
||
| 082 | 0 | 4 |
_221 _a212.5 / _bح أ |
| 100 | 0 | _aحمزة الفقير | |
| 245 | 1 | 0 |
_aاسئلة النساء واجوبة الفقهاء والعلماء / _cحمزة الفقير ، ماجد سليمان دودين |
| 250 | _aط.1 | ||
| 260 |
_aالقاهرة : _bدار الاسراء ، _c1989 . |
||
| 300 |
_a140 ص. ؛ _c24 سم. |
||
| 504 | _aيشتمل على ارجاعات ببليوجرافية | ||
| 650 | 0 | 7 |
_2qrmak _aالوعظ والارشاد |
| 650 | 0 | 7 |
_2qrmak _aالمراة فى الاسلام |
| 650 | 0 | 7 |
_2qrmak _aالاسلام _xدعوة |
| 651 | _2qrmak | ||
| 700 | 0 |
_aماجد سليمان دودين _eمؤلف مشارك |
|
| 942 |
_2ddc _cBK |
||